Meilleurs réalisateurs de chaque saison Top 14 - Statistiques

Statistiques générales
  • Ce quiz a été pris 14 fois
  • Le résultat moyen est 23 sur 60
Statistiques - réponses
Hint Réponse % Correct
2017-2018 277 points / Toulouse Thomas Ramos
100%
2018-2019 257 points / Toulouse Thomas Ramos
100%
2021-2022 217 points / Toulouse Thomas Ramos
100%
2019-2020 139 points / Pau Antoine Hastoy
75%
2020-2021 280 points / Pau Antoine Hastoy
75%
2021-2022 250 points / Pau Antoine Hastoy
75%
2022-2023 232 points / La Rochelle Antoine Hastoy
75%
2023-2024 227 points / Bayonne Camille Lopez
58%
2009-2010 230 points / Toulon Jonny Wilkinson
58%
2011-2012 273 points / Toulon Jonny Wilkinson
58%
2012-2013 373 points / Toulon Jonny Wilkinson
58%
2013-2014 241 points / Toulon Jonny Wilkinson
58%
2021-2022 251 points / Lyon Léo Berdeu
58%
2023-2024 246 points / Pau Joe Simmonds
50%
2024-2025 255 points / Pau Joe Simmonds
50%
2020-2021 317 points / Stade Français Joris Segonds
50%
2022-2023 240 points / Stade Français Joris Segonds
50%
2014-2015 311 points / Oyonnax Benjamin Urdapilleta
42%
2016-2017 253 points / Castres Benjamin Urdapilleta
42%
2017-2018 297 points / Castres Benjamin Urdapilleta
42%
2020-2021 321 points / Castres Benjamin Urdapilleta
42%
2006-2007 352 points / Clermont Brock James
42%
2007-2008 303 points / Clermont Brock James
42%
2008-2009 324 points / Clermont Brock James
42%
2009-2010 224 points / Clermont Brock James
42%
2013-2014 299 points / Brive Gaëtan Germain
42%
2014-2015 285 points / Brive Gaëtan Germain
42%
2015-2016 319 points / Brive Gaëtan Germain
42%
2016-2017 324 points / Brive Gaëtan Germain
42%
2023-2024 223 points / Toulon Melvyn Jaminet
42%
2005-2006 300 points / Castres Romain Teulet
42%
2006-2007 271 points / Castres Romain Teulet
42%
2009-2010 263 points / Castres Romain Teulet
42%
2010-2011 326 points / Castres Romain Teulet
42%
2011-2012 249 points / Castres Romain Teulet
42%
2022-2023 241 points / Racing Finn Russell
33%
2018-2019 255 points / La Rochelle Ihaia West
33%
2007-2008 224 points / Stade Français Juan Martin Hernandez
33%
2010-2011 283 points / Montpellier Martin Bustos Moyano
33%
2024-2025 253 points / Vannes Maxime Lafage
33%
2024-2025 255 points / Racing Nolann Le Garrec
33%
2012-2013 376 points / Castres Rory Kockott
25%
2005-2006 328 points / Narbonne Cédric Rosalen
17%
2006-2007 278 points / Narbonne Cédric Rosalen
17%
2010-2011 336 points / Racing Jonathan Wisniewski
17%
2014-2015 339 points / Grenoble Jonathan Wisniewski
17%
2018-2019 248 points / Lyon Jonathan Wisniewski
17%
2008-2009 212 points / Stade Français Lionel Beauxis
17%
2015-2016 251 points / La Rochelle Zack Holmes
17%
2019-2020 171 points / Toulon Anthony Belleau
8%
2017-2018 318 points / Oyonnax Ben Botica
8%
2015-2016 215 points / Agen Burton Francis
8%
2011-2012 267 points / Agen Conrad Barnard
8%
2012-2013 265 points / Perpignan James Hook
8%
2013-2014 294 points / Bordeaux-Bègles Pierre Bernard
8%
2019-2020 176 points / Brive Thomas Laranjeira
8%
2008-2009 235 points / Brive Andy Goode
0%
2016-2017 223 points / Toulon Leigh Halfpenny
0%
2005-2006 295 points / Bayonne Richard Dourthe
0%
2007-2008 245 points / Bayonne Richard Dourthe
0%
Aucun quiz correspondant
Distribution des résultats
% des personnes avec chaque résultat
Percentile par nombre de réponses
Votre historique - résultats
Vous n’avez pas pris ce quiz